000 00334nam a2200169Ia 4500
100 _aAllen/Mottershead
650 _aEDC
942 _cBK
366 _f25
654 _aEDC
245 _aElectronic devices and circuits
260 _bprentice hall
_c2017
082 _bALL
300 _a641
546 _aENGLISH
999 _c22847
_d22847